000 01586nac a2200361 a 4500
003 CO-PeBPM
005 20260325201938.0
007 ta
008 260325s2010 ck a|||| |||| 00| 0 spa d
020 _a9789583003691
040 _aCO-PeBPM
_bspa
_cCO-PeBPM
_erda
041 _aspa
082 0 4 _a(i) Co863 C112i
_222
100 1 _aCaballero Calderón, Eduardo
_d, 1910-1993
245 1 0 _aHistoria en cuentos 3
_c/ Eduardo Caballero Calderón; ilustraciones de Nora Estela Torres y Daniel Jaime
250 _aSexta reimpresión
264 _aSantafé de Bogotá, Colombia
_b: Panamericana Editorial
_c, 2010
300 _a80 páginas
_bilustraciones a color
_c21 centimetros
336 _2rdacontent
_atexto
_btxt
337 _2rdamedia
_asin mediación
_bn
338 _2rdacarrier
_avolumen
_bnc
490 _aColección Literatura juvenil
500 _aIncluye índice
500 _aContiene datos biográficos del autor en la solapa del texto
505 _aTodo por un florero -- El corneta llanero -- El zapatero soldado
520 _a Los Incas, el Descubrimiento, la Conquista, la Independencia... El lector es arrastrado por personajes ficticios, que viven junto a los grandes héroes de la historia momentos culminantes, narrados con el hechizo propio de los cuentos y la ´pluma magistral de Caballero Calderón.
650 1 7 _aCuentos infantiles colombianos
_2LEMB
650 1 7 _aLiteratura infantil
_2LEMB
651 1 7 _aColombia - Historia - Cuentos
700 1 _aTorres, Nora Estela
_eilustradora
700 1 _aJaime, Daniel
_eilustrador
942 _2ddc
_n0
_cLITA
999 _c107254
_d107254